[Event "Barcelona Rubi op-B 5th"]
[Site "Barcelona"]
[Date "2004.04.??"]
[Round "3"]
[White "Turon Coll, Ponc"]
[Black "Wenceslao Ferrer, David"]
[Result "1-0"]
[WhiteElo "1740"]
[BlackElo "1700"]
[PlyCount "32"]
[EventDate "2004.04.25"]
[EventType "swiss"]
[EventRounds "7"]
[EventCountry "ESP"]
[SourceTitle "EXT 2007"]
[Source "ChessBase"]
[SourceDate "2006.11.23"]
[SourceVersion "1"]
[SourceVersionDate "2006.11.23"]
[SourceQuality "1"]

1. e4 e5 2. Nf3 Nc6 3. a3 Nf6 4. Nc3 a5 5. Bc4 Qe7 6. d3 Nd4 7. Bg5 h6 8. Nd5 Qd6 9. Bxf6 gxf6 10. Nxd4 exd4 11. Qf3 Bg7 12. Nf4 b6 13. g3 Bb7 14. Qe2 0-0-0 15. Rf1 Bd5 16. Bxd5 Qxd5 1-0